000 01219nam a22002657a 4500
005 20170124103125.0
010 _aA-918336
020 _c160.00
035 _aA-918336
037 _bCen Lib/Ret
040 _aDPL
_bHN
082 _a181.499
_bशिवना
100 _aशिवनाथ
_9500
245 _aश्री अरविंद की साहित्य-चिंतना /
_cशिवनाथ
246 _aSri Aurobindo ki sahitya-chintana /
_bby Shivnath
260 _aकलकत्ता
_bकायं फाउंडेशन
_c1998
270 _bकलकत्ता
_a7, लायंस रोड रेंज
_e700001
300 _a369पृ.
_c21सेमी (सजिल्द)
500 _aसन्दर्भ सूची शामिल
650 _aसाहित्य चिंतना--श्री अरविन्द
_982837
650 _aभारतीय दर्शन शास्त्र--साहित्य और संस्कृति
_982838
650 _aLiterature indication--Sri Aurobindo
_982839
650 _aIndian philosophy--Literature and Culture
_982840
942 _2ddc
_cHN
_h181.499
_mशिवना
999 _c118992
_d118992